| 000 | 00770nam a2200169 a 4500 | ||
|---|---|---|---|
| 008 | 220808s2021 ||||||||||||||||| || u | ||
| 050 | _aCBU-UG THESIS/PHI | ||
| 100 | _aPhiri, Kasunge Annabel | ||
| 245 | 1 | 0 |
_aUtilization of Plastic & Ceramic Waste and Quarry Dust in the Manufacturing of Pavement Blocks to reduce Pollution _cBy Kasunge Annabel Phiri |
| 260 |
_aKitwe _bCopperbelt University _c2021 |
||
| 300 | _ax, 53 pages [various pages] : illustrations | ||
| 500 | _aACCOMPANIED BY CD | ||
| 650 | _aPAVEMENT BLOCKS - MANUFACTURING | ||
| 650 | _aPLASTIC AND CERANIC WASTE | ||
| 650 | _aUSE OF QUARY DUST - MANUFACTURING | ||
| 995 |
_FCBU-MAIN LIBRARY (Kitwe) _M1 _UAVAILABLE _WAug 10, 2022 _ZUniversity Collection |
||
| 999 |
_c61198 _d61198 |
||